000
00200nam a2200085Ia 4500
008
170620s9999 xx 000 0 und d
100
_a
Kusum
245
0
_a
Family Law Lectures FAMILY LAW -2
260
_b
Lexis Nexis
260
_c
2011
999
_c
29762
_d
29762